| 000 | 01119cam a22002653a 4500 | ||
|---|---|---|---|
| 001 | 10372 | ||
| 003 | PGUSA | ||
| 005 | 20140828083223.0 | ||
| 008 | 031201s2003||||xxu|||||s|||||000 1 eng d | ||
| 040 |
_aPGUSA _beng |
||
| 042 | _adc | ||
| 050 | 4 | _aPR | |
| 100 | 1 |
_aVachell, Horace Annesley, _d1861-1955 |
|
| 245 | 1 | 0 |
_aBunch Grass : _bA Chronicle of Life on a Cattle Ranch _h[electronic resource] / _cHorace Annesley Vachell |
| 260 |
_bProject Gutenberg, _c2003 |
||
| 505 | 0 | _aAlethea-Belle -- The Dumbles -- Pap Spooner -- Gloriana -- Bumblepuppy -- Jasperson's best girl -- Fifteen fat steers -- An experiment -- Uncle Jap's lily -- Wilkins and his Dinah -- A poisoned spring -- The babe -- The baron -- Jim's pup -- Mary -- Old man Bobo's Mandy -- Mintie -- One who died -- A ragamuffin of the foothills -- Dennis. | |
| 506 | _aPublic domain in the USA. | ||
| 516 | _aElectronic text | ||
| 653 | _aWestern stories | ||
| 653 | _aRanching -- California -- Fiction | ||
| 653 | _aShort stories, English | ||
| 830 | 0 |
_aProject Gutenberg _v10372 |
|
| 856 | 4 | 0 | _uhttp://www.gutenberg.org/ebooks/10372 |
| 942 | _cEB | ||
| 999 |
_c239627 _d239627 |
||